Регионална библиотека "Любен Каравелов" - Русе

Подбрано от Дракър (Запис номер 110176)

MARC детайли
000 -Лидер
Контролно поле с фиксирана дължина 02474nam a2200445 c 4500
003 - Код на организацията, давaща контролен номер
Контролно поле BLK
005 - Дата и час на последна редакция
Контролно поле 20250329154905.0
008 - Елементи от данни с фиксирана дължина
fixed length control field 180409b bul|||||r ||||||| ||bul||
010 ## - Наследен системен номер
LC control number KNG00115499000
020 ## - Международен стандартен номер на книга ISBN
Международен стандартен номер на книга ISBN 954-9964-61-2
040 ## - Източник на каталожния запис
Идентификатор на билиотеката - собственик на записа BLK
041 ## - Код за език
Код за езика на текст/звукозапис или на отделно заглавие Български
Код за езика КДБФ Български
080 ## - УДК
Текстов определител УДК Методи на управление. Мениджмънт. Анализи, планиране, ръководство, сътрудничество, контрол, коопериране и др.
УДК код - определител по УДК 005.5
УДК - код + определител 005.5
080 ## - УДК
Текстов определител УДК Икономическа психология. Икономическо поведение. Физиологични и психологични елементи. Интереси. Икономически дух
УДК код - определител по УДК 330.16
УДК - код + определител 330.16
080 ## - УДК
Текстов определител УДК Индивиди. Личност. Белези на личността. - Социология на личността (Индивидите като елементарна съставна част от социалната структура
УДК код - определител по УДК 316.37
УДК - код + определител 316.37
100 1# - Редна дума - Автор
Автор Дракър, Питър Фердинанд
Авторска отговорност първи автор
R(LIN) 65284
139 ## - Редно поле
Редна дума Дракър, Питър Фердинанд
Авторски знак Драи - Д 87
245 10 - Сведения за заглавието
Заглавие Подбрано от Дракър
Подзаглавни данни Най-значимото от най-великия мениджърски мислител на нашето време
Редно поле (дума) Питър Фердинанд Дракър; прев. от англ. Стою Керванбашиев.
257 ## - Страна на издаване
Страна на създаване/издаване Съединени американски щати
260 ## - Област на издателските данни
Име на издателя, разпространителя и проч. Класика и Стил
Година на издаване 2004
Печатница В. Търново : Абагар
300 ## - Физическа характеристика
Страници 394 с.
Размери/Мащаб 22 см
380 ## - Жанр
Жанр Общ отдел
490 1# - СЕРИИ (Колекции)
Име на серия Достъпно бизнес познание
500 ## - Общи забележки
Забележка Ориг. загл. The Essential Drucker / Peter F. Drucker. - Офс. изд.
650 #4 - Допълнително описание по предмет – тема
Основно описание – тема или топоним Управление и организация - теория
9 (RLIN) 269078
650 #4 - Допълнително описание по предмет – тема
Основно описание – тема или топоним Управленски труд
9 (RLIN) 244358
650 #4 - Допълнително описание по предмет – тема
Основно описание – тема или топоним Икономическо поведение
9 (RLIN) 245306
650 #4 - Допълнително описание по предмет – тема
Основно описание – тема или топоним Личност и общество
9 (RLIN) 243183
653 ## - Ключова дума – ненормативна
Ключова дума мениджмънт
653 ## - Ключова дума – ненормативна
Ключова дума управление
653 ## - Ключова дума – ненормативна
Ключова дума стопанско управление
700 1# - Други автори (авторска отговорност)
Лично име Керванбашиев, Стою
Автороска отговорност (Описва отношението между автора и произведението) прев. от англ.
9 (RLIN) 374580
852 ## - Местоположение
Форматна сигнатура Цб 221167
856 4# - Електронен адрес и достъп
Електронен формат pdf - файл
856 4# - Електронен адрес и достъп
Електронен формат pdf - файл
999 ## - СИСТЕМНИ КОНТРОЛНИ НОМЕРА
Koha biblionumber 110176
Koha biblioitemnumber 110176
942 ## - АРТИКУЛИ
Вид на библиотечния материал Книги
Скрит в OPAC Не
Периодичен библиозапис Да
Koha issues (borrowed), all copies 8
944 ## - СЪЗДАВАНЕ И РЕДАКЦИЯ на ЗАПИСА
Създаване/Редакция Създаване
Дата на регистрацията/редакция 12.10.2004
Служител, извършил регистрацията/редакцията 30575
Статус, дата на статуса Мартин Енчев
944 ## - СЪЗДАВАНЕ И РЕДАКЦИЯ на ЗАПИСА
Създаване/Редакция Редакция
Дата на регистрацията/редакция 15.12.2005
999 ## - СИСТЕМНИ КОНТРОЛНИ НОМЕРА
Koha biblioitemnumber 110176
Наличности
Код за отписване Код за изгубен артикул Източник на класификационната схема Код за повреда Коз за рестрикции Код за отдаване Артикулен № Име на библиотеката - собственик Име на библиотеката, в която се намира в момента Статус (Текущо местоположение) Дата на вписване в системата Местоположение - отдел Цена в лева Инвентарен номер Систематично азбучна сигнатура Баркод Номер на екземпляра Цена в евро Служебна бележка Служебен тип на артикула
  Не е изгубен Universal Decimal Classification Не е повреден без рестрикции заемане за дома 177422 Регионална библиотека "Любен Каравелов" Русе Регионална библиотека "Любен Каравелов" Русе Заемна - подръчен фонд 2004-10-12 Заемна - подръчен фонд 20.00 120000689231 005.5/Д 87 120000689231 1 10.23 Дост: Pk Вид: Ф N: 8893 Дата: 08.10.2004 Дата инв: 06.02.2018 Бележки инв: П2018 Книги
  Не е изгубен   Не е повреден без рестрикции ползва се в читалня 177423 Регионална библиотека "Любен Каравелов" Русе Регионална библиотека "Любен Каравелов" Русе Хранилище 2005-12-06 Хранилище 20.00 120000698566 Цб 221167 120000698566 2 10.23 Дост: Dp Вид: Д N: 49 Дата: 24.11.2004 Книги
Vip Innovations Ltd, Rousse, Bulgaria 2025